| 000 | 00699nam a2200193 i 4500 | ||
|---|---|---|---|
| 001 | 54307 | ||
| 003 | ES-MaACL | ||
| 005 | 20250716081417.0 | ||
| 007 | t| | ||
| 008 | 031205q1914 fr ||||1| fre d | ||
| 100 | 1 |
_aFlorian-Parmentier, Ernest. _951330 |
|
| 245 | 1 | 3 |
_aLa littérature et l'époque _b: histoire de la littérature française de 1885 áa nos jours / _cFlorian-Parmentier. |
| 260 |
_aParis : _bEugène Figuière, _c[1914?] |
||
| 300 |
_a682 p. ; _c19 cm. |
||
| 500 | _aEn la cubierta: Histoire contemporaine des lettres françaises de 1885 áa 1914. | ||
| 650 | 4 |
_aLiteratura francesa- _yS.XIX- _xHistoria y crítica _914589 |
|
| 852 |
_aES-MaACL _jF-6767 |
||
| 999 |
_c54307 _d54307 |
||